Statistiques concernant Formes de pays fusionnés n°1

Cliquez ici pour prendre le quiz!

Statistiques générales

  • Ce quiz a été pris 15 945 fois
  • Le résultat moyen est 27 sur 40

Statistiques - réponses

Pays% Correct
Espagne
97%
Suède
97%
Finlande
96%
Portugal
95%
Allemagne
90%
Danemark
89%
Autriche
86%
Suisse
84%
Afrique du Sud
83%
Croatie
80%
Laos
78%
Libye
78%
Tunisie
77%
Cambodge
76%
Serbie
75%
Somalie
75%
Birmanie
74%
Mozambique
74%
Corée du Nord
73%
Corée du Sud
73%
Éthiopie
73%
Bangladesh
71%
Panama
71%
Soudan
68%
Costa Rica
66%
Soudan du Sud
65%
République tchèque
62%
Slovaquie
62%
Haïti
59%
République dominicaine
57%
Pologne
52%
Biélorussie
50%
Kenya
42%
Tanzanie
42%
Kirghizistan
40%
Tadjikistan
40%
Colombie
39%
Venezuela
39%
Bolivie
38%
Paraguay
37%

Distribution des résultats

Percentile par nombre de réponses

% des personnes avec chaque résultat

Votre développement - résultats

Vous n’avez pas pris ce quiz